000 00696nam a22002057a 4500
999 _c14955
_d14955
003 MIRAKIL
005 20220809160501.0
008 220809b tu ||||| |||| 00| 0 tur d
040 _aTR-AnCHP
_cTR-AnCHP
041 _atur
082 _aCHP 363.2
_bC36p 2022
090 _aBROŞÜR 604
245 1 0 _aPolislerin sorunlarını biz çözeceğiz/
_cCumhuriyet Halk Partisi.
260 _aAnkara:
_bCHP,
_c2022.
300 _a2 s.;
_c21 sm.
600 0 _95793
_aCumhuriyet Halk Partisi (CHP)
_xPropaganda ve ideolojiler
_xpolisler
600 0 _95793
_aCumhuriyet Halk Partisi (CHP)
_xPolisler
_xsorunlar ve çözüm önerileri
650 0 _99
_aSiyaset ve yönetim
_xTürkiye
_y2022-
942 _2ddc
_cVIS